| 000 -CABECERA |
| Longitud fija campo de control |
00762nam a2200217 a 4500 |
| 001 - NÚMERO DE CONTROL |
| Número de control |
5131 |
| 003 - IDENTIFICADOR DEL NÚMERO DE CONTROL |
| Identificador del número de control |
CDMR |
| 005 - FECHA Y HORA DE LA ÚLTIMA TRANSACCIÓN |
| Fecha y hora de la última transacción |
20131107103318.0 |
| 008 - CÓDIGOS DE INFORMACIÓN DE LONGITUD FIJA |
| Códigos de información de longitud fija |
130130s1984||||||||||||||||||||||||||||d |
| 020 ## - NÚMERO INTERNACIONAL NORMALIZADO PARA LIBROS |
| Número Internacional Normalizado para Libros (ISBN) |
2726104053 |
| 040 ## - FUENTE DE LA CATALOGACIÓN |
| Centro catalogador de origen |
CDMR |
| Lengua de catalogación |
cat |
| Centro transcriptor |
CDMR |
| 245 #4 - MENCIÓN DE TÍTULO |
| Título |
Les nouvelles technologies dans l'information scientifique et technique |
| Resto del título |
: 1-5 octobre 1984, Sophia Antipolis (Valbonne) |
| 260 ## - PUBLICACIÓN, DISTRIBUCIÓN, ETC. (PIE DE IMPRENTA) |
| Nombre del editor, distribuidor, etc. |
Institut National de Recherche en Informatique et en Automatique |
| Lugar de publicación, distribución, etc. |
Sophia-Antipolis |
| 260 ## - PUBLICACIÓN, DISTRIBUCIÓN, ETC. (PIE DE IMPRENTA) |
| Fecha de publicación, distribución, etc. |
[1984] |
| Nombre del editor, distribuidor, etc. |
La Documentation Française |
| Lugar de publicación, distribución, etc. |
Paris |
| 300 ## - DESCRIPCIÓN FÍSICA |
| Extensión |
271 p. |
| 650 04 - PUNTO DE ACCESO ADICIONAL DE MATERIA - TÉRMINO DE MATERIA |
| 9 (RLIN) |
3364 |
| Término de materia o nombre geográfico como elemento inicial |
Tecnologia de la informació |
| 650 04 - PUNTO DE ACCESO ADICIONAL DE MATERIA - TÉRMINO DE MATERIA |
| 9 (RLIN) |
3668 |
| Término de materia o nombre geográfico como elemento inicial |
Comunicació i ciència |
| 650 04 - PUNTO DE ACCESO ADICIONAL DE MATERIA - TÉRMINO DE MATERIA |
| 9 (RLIN) |
2716 |
| Término de materia o nombre geográfico como elemento inicial |
Comunicació i tecnologia |
| 700 1# - PUNTO DE ACCESO ADICIONAL - NOMBRE DE PERSONA |
| 9 (RLIN) |
4274 |
| Nombre de persona |
Bornes, Christian |
| Término indicativo de función |
dir. |
| 942 ## - ENTRADA DE ELEMENTOS AGREGADOS (KOHA) |
| Koha [por defecto] tipo de item |
Monografies |
| Fuente de clasificaión o esquema |
|